000 00774nam a2200217 a 4500
003 0
005 20250414085130.0
008 970101s19uu xx 00 eng d
050 _aPGS HQ 799.2.L43
_b.K49 2004
100 _aKim, Da Ni.
245 _aA profile of students' habits during their spare time /
_cDa Ni Kim.
260 _aLas PiƱas City, Philippines :
_bSouthville International School and Colleges,
_c2004.
300 _a18 pages :
_billustrations ;
_c28 cm.
504 _aIncludes bibliographical references.
650 _aLeisure
_vTeenagers.
650 _aTeenagers
_vSpare time habits.
650 _aTeenagers
_vTime management.
650 _aYouth
_vSpare time behavior.
650 _aAdolescents
_vLeisure preferences and routines.
942 _2lcc
_cPASS
999 _c97000
_d97000